[Event "Issy les Moulineaux-Franconville"]
[Site "Issy les Moulineaux"]
[Date "2008.04.05"]
[Round "10.7"]
[White "Stambul, Adam"]
[Black "Mbakam Fangang, John"]
[Result "1-0"]
[WhiteElo "2148"]
[BlackElo "1900"]
[PlyCount "55"]
[EventDate "2008.04.05"]
[SourceDate "2007.10.24"]

1. e4 e6 2. d4 d5 3. Nc3 dxe4 4. Nxe4 Bd7 5. Nf3 Bc6 6. Bd3 Be7 7. Bd2 Nf6 8.
Ng3 Nbd7 9. Qe2 b6 10. O-O-O Bb7 11. Rhe1 h6 12. Ne5 O-O 13. Nh5 Nxe5 14. dxe5
Nxh5 15. Qxh5 f5 16. exf6 Rxf6 17. Bc3 Qe8 18. Qxe8+ Rxe8 19. Bxf6 Bxf6 20. Bg6
Rf8 21. f3 Bd5 22. Be4 Bxa2 23. b3 a5 24. Bc6 Ba1 25. Rxe6 Rf5 26. Re7 Rc5 27.
Rd8+ Kh7 28. Be4+ 1-0

[Event "Arras-Club 608"]
[Site "Lille"]
[Date "2008.04.05"]
[Round "10.1"]
[White "Saiboulatov, Danial"]
[Black "Carlhammar, Magnus"]
[Result "1/2-1/2"]
[WhiteElo "2374"]
[BlackElo "2324"]
[PlyCount "33"]
[EventDate "2008.04.05"]
[SourceDate "2007.10.24"]

1. e4 d6 2. d4 Nf6 3. Nc3 e5 4. dxe5 dxe5 5. Qxd8+ Kxd8 6. Bg5 Be6 7. f4 exf4
8. Nf3 h6 9. Bxf4 c6 10. Nd4 Bb4 11. O-O-O Nbd7 12. Nxe6+ fxe6 13. Bc4 Ke7 14.
Rhe1 e5 15. Bd2 Bc5 16. Rf1 Raf8 17. Bd3 1/2-1/2

[Event "Arras-Club 608"]
[Site "Lille"]
[Date "2008.04.05"]
[Round "10.2"]
[White "Aguirre, Simon"]
[Black "Bauduin, Etienne"]
[Result "1/2-1/2"]
[WhiteElo "2278"]
[BlackElo "2303"]
[PlyCount "39"]
[EventDate "2008.04.05"]
[SourceDate "2007.10.24"]

1. d4 e6 2. Nf3 Nf6 3. c4 Bb4+ 4. Bd2 a5 5. g3 O-O 6. Bg2 d6 7. Nc3 Re8 8. a3
Bxc3 9. Bxc3 Ne4 10. Qc2 Nxc3 11. Qxc3 Qe7 12. O-O Nc6 13. b4 axb4 14. axb4
Rxa1 15. Rxa1 e5 16. dxe5 dxe5 17. b5 Nd4 18. Nxd4 exd4 19. Qxd4 Qxe2 20. h4
1/2-1/2

[Event "Arras-Club 608"]
[Site "Lille"]
[Date "2008.04.05"]
[Round "10.3"]
[White "Laurent, Bruno"]
[Black "Sohier, Julien"]
[Result "1-0"]
[WhiteElo "2346"]
[BlackElo "2272"]
[PlyCount "101"]
[EventDate "2008.04.05"]
[SourceDate "2007.10.24"]

1. e4 e6 2. d4 d5 3. Nc3 Nc6 4. Nf3 Nf6 5. e5 Ne4 6. Ne2 f6 7. Ng3 fxe5 8. Bb5
exd4 9. Nxe4 dxe4 10. Nxd4 Qd5 11. Nxc6 Qxb5 12. Qd8+ Kf7 13. Qxc7+ Kf6 14.
Qf4+ Qf5 15. Ne5 Qxf4 16. Bxf4 Bd6 17. Ng4+ Kf5 18. Bxd6 Kxg4 19. O-O-O b6 20.
Rd4 Kf5 21. Re1 Bb7 22. f3 e5 23. fxe4+ Ke6 24. Rd3 Rad8 25. Bb4 Rxd3 26. cxd3
Rd8 27. Kd2 Rd7 28. Bc3 Rf7 29. Ke3 Ba6 30. Rc1 g6 31. a4 Rd7 32. d4 exd4+ 33.
Bxd4 Bb7 34. a5 bxa5 35. Rc5 a6 36. Re5+ Kf7 37. Rxa5 Re7 38. e5 Rc7 39. Bc3
Rc4 40. g3 Ke6 41. Ra1 Rc7 42. Ra4 Ke7 43. Rh4 Ke8 44. Rb4 Bc6 45. Rb6 Bb5 46.
Kf4 Bd3 47. Kg5 h5 48. Re6+ Re7 49. Rc6 a5 50. e6 Ra7 51. Kf6 1-0

[Event "Arras-Club 608"]
[Site "Lille"]
[Date "2008.04.05"]
[Round "10.4"]
[White "Baillon, Olivier"]
[Black "Goasdoue, Vincent"]
[Result "1/2-1/2"]
[WhiteElo "2265"]
[BlackElo "2153"]
[PlyCount "66"]
[EventDate "2008.04.05"]
[SourceDate "2007.10.24"]

1. e4 g6 2. d4 Bg7 3. Nc3 d6 4. g3 Nc6 5. Be3 e5 6. dxe5 dxe5 7. Qxd8+ Kxd8 8.
O-O-O+ Bd7 9. Bh3 Nb8 10. Nge2 Kc8 11. Bxd7+ Nxd7 12. f3 c6 13. Rd2 Ngf6 14.
Rhd1 Kc7 15. b3 b6 16. Kb2 Rhe8 17. Nc1 Nf8 18. Nd3 N6d7 19. Nb1 Rad8 20. c3
Ne6 21. a4 h5 22. Na3 f6 23. Nc4 Bf8 24. b4 Be7 25. f4 b5 26. axb5 cxb5 27. Na5
exf4 28. Nxf4 Nxf4 29. Bxf4+ Ne5 30. Bxe5+ fxe5 31. Rxd8 Rxd8 32. Rxd8 Bxd8 33.
Nb3 Kd6 1/2-1/2

[Event "Arras-Club 608"]
[Site "Lille"]
[Date "2008.04.05"]
[Round "10.5"]
[White "Andrieux, Pascal"]
[Black "De Marchi, Olivier"]
[Result "1/2-1/2"]
[WhiteElo "2230"]
[BlackElo "2217"]
[PlyCount "58"]
[EventDate "2008.04.05"]
[SourceDate "2007.10.24"]

1. e4 g6 2. Nc3 Bg7 3. g3 d6 4. Bg2 c5 5. Nge2 Nc6 6. d3 Rb8 7. a4 a6 8. O-O b5
9. axb5 axb5 10. Nd5 e6 11. Ne3 Nge7 12. f4 Nd4 13. c3 Nxe2+ 14. Qxe2 O-O 15.
g4 f5 16. gxf5 exf5 17. Bd2 Qd7 18. Be1 Bb7 19. Bh4 Rbe8 20. Qd2 fxe4 21. dxe4
Bh6 22. Bg3 Nc8 23. Nd5 Qd8 24. Rad1 Nb6 25. Nxb6 Qxb6 26. Rfe1 Rd8 27. Rf1
Rde8 28. Rfe1 Rd8 29. Rf1 Rde8 1/2-1/2

[Event "Arras-Club 608"]
[Site "Lille"]
[Date "2008.04.05"]
[Round "10.6"]
[White "Eche, Sylvain"]
[Black "Loyer, Angelique"]
[Result "1-0"]
[WhiteElo "2208"]
[BlackElo "1970"]
[PlyCount "101"]
[EventDate "2008.04.05"]
[SourceDate "2007.10.24"]

1. e4 c5 2. Nc3 e6 3. g3 Nf6 4. Bg2 Nc6 5. Nge2 a6 6. O-O Qc7 7. d3 Be7 8. f4
d6 9. Be3 O-O 10. h3 Rd8 11. g4 b5 12. Ng3 b4 13. Nce2 Bd7 14. g5 Ne8 15. f5 f6
16. Nf4 fxg5 17. Nxe6 Bxe6 18. fxe6 Ne5 19. Nf5 Rac8 20. Qd2 c4 21. d4 c3 22.
bxc3 Nc4 23. Qf2 Nxe3 24. Nxe3 Nf6 25. c4 Rf8 26. Qe2 Qb6 27. Rad1 Qa5 28. Nf5
Qc7 29. Qd2 h6 30. Qxb4 Rfe8 31. Ne3 Bf8 32. d5 a5 33. Qd2 Qa7 34. Qd4 Qc7 35.
Bf3 Be7 36. Be2 Rb8 37. Nf5 Rb4 38. Rb1 Reb8 39. Rb3 a4 40. Rxb4 Rxb4 41. a3
Rb7 42. Kh2 Qb8 43. h4 g4 44. Rg1 h5 45. Qe3 Nh7 46. c5 dxc5+ 47. e5 Bf8 48. d6
g6 49. Nh6+ Kg7 50. Nf7 g5 51. hxg5 1-0

[Event "Arras-Club 608"]
[Site "Lille"]
[Date "2008.04.05"]
[Round "10.7"]
[White "Manet, Eric"]
[Black "Metral, Jean Paul"]
[Result "0-1"]
[WhiteElo "2015"]
[BlackElo "2197"]
[PlyCount "72"]
[EventDate "2008.04.05"]
[SourceDate "2007.10.24"]

1. e4 e6 2. d4 d5 3. Nc3 Nf6 4. Bg5 Be7 5. e5 Ne4 6. Bxe7 Qxe7 7. Nxe4 dxe4 8.
Qd2 O-O 9. O-O-O b6 10. f3 Bb7 11. fxe4 Bxe4 12. Bd3 Bxd3 13. Qxd3 c5 14. dxc5
Qxc5 15. Nf3 h6 16. Qd4 Qa5 17. Kb1 Nc6 18. Qe4 Nb4 19. a3 Nd5 20. c4 Nc7 21.
Rd7 Na6 22. Qe2 Nc5 23. Rd4 Rab8 24. Rg4 b5 25. Qe3 bxc4 26. Qxh6 Rxb2+ 27.
Kxb2 Na4+ 28. Kc1 Qc3+ 29. Kd1 Rd8+ 30. Ke2 Qc2+ 31. Kf1 Rd1+ 32. Ne1 Qf5+ 33.
Qf4 Qd3+ 34. Kf2 Rd2+ 35. Kg1 Qe2 36. Qe4 Qf2# 0-1

[Event "Arras-Club 608"]
[Site "Lille"]
[Date "2008.04.05"]
[Round "10.8"]
[White "Mousset Evtouchenko, Nina"]
[Black "Sintive, Xavier"]
[Result "0-1"]
[WhiteElo "1808"]
[BlackElo "1981"]
[PlyCount "108"]
[EventDate "2008.04.05"]
[SourceDate "2007.10.24"]

1. d4 Nf6 2. Nc3 d6 3. Bg5 Nc6 4. Bxf6 exf6 5. e3 g6 6. Bd3 Bg7 7. Qd2 O-O 8.
Nf3 Bg4 9. h4 f5 10. O-O-O h5 11. Rde1 f4 12. d5 fxe3 13. Qxe3 Bxf3 14. Qxf3
Ne5 15. Qg3 Qf6 16. Ref1 a6 17. Kb1 Nxd3 18. Qxd3 Rfe8 19. f4 Re7 20. f5 Rae8
21. fxg6 Qxg6 22. Qxg6 fxg6 23. Nd1 Re2 24. Rf2 Rxf2 25. Nxf2 Re2 26. Nh3 Bh6
27. g3 Rd2 28. Nf4 Bxf4 29. gxf4 Rxd5 30. Kc1 Kf7 31. c3 Kf6 32. Rg1 Rd3 33.
Re1 Rh3 34. Re8 Rxh4 35. Rf8+ Ke6 36. Rg8 Rxf4 37. Rxg6+ Rf6 38. Rg7 Rf7 39.
Rg8 Kf5 40. Kd2 Rh7 41. Ke3 h4 42. Kf2 h3 43. Kg1 Kf4 44. Kh2 Ke3 45. b3 Kd2
46. c4 Kc3 47. Rb8 b6 48. Rg8 Kb2 49. b4 Kxa2 50. Ra8 Kb3 51. c5 dxc5 52. bxc5
a5 53. Ra6 b5 54. Rxa5 Kb4 0-1

[Event "JEEN-Henin Beaumont"]
[Site "Lille"]
[Date "2008.04.05"]
[Round "10.1"]
[White "Simon, Olivier"]
[Black "Petitcunot, Pierre"]
[Result "0-1"]
[WhiteElo "2380"]
[BlackElo "2400"]
[PlyCount "74"]
[EventDate "2008.04.05"]
[SourceDate "2007.10.24"]

1. e4 g6 2. d4 Bg7 3. Nc3 c6 4. f4 d5 5. e5 Nh6 6. Nf3 f6 7. Be3 Bg4 8. Be2 O-O
9. O-O Nd7 10. h3 Bxf3 11. Bxf3 Nf5 12. Bf2 fxe5 13. fxe5 e6 14. Ne2 Qg5 15.
Qd3 Bh6 16. Bg4 Rae8 17. g3 c5 18. c3 cxd4 19. cxd4 Ne3 20. h4 Qxg4 21. Bxe3
Rf3 22. Rxf3 Qxf3 23. Nf4 Bxf4 24. gxf4 Rf8 25. Qd2 Qg3+ 26. Kf1 Qxh4 27. Ke2
Qg4+ 28. Kd3 Qf3 29. Kc2 Rc8+ 30. Kb3 Nb6 31. Qf2 Qe4 32. Rd1 Nc4 33. Bc1 Qb1
34. a3 Na5+ 35. Ka4 Rxc1 36. Rxc1 Qxc1 37. Kxa5 Qc4 0-1

[Event "JEEN-Henin Beaumont"]
[Site "Lille"]
[Date "2008.04.05"]
[Round "10.2"]
[White "Fossier, Francois"]
[Black "Mehaibia, Azzedine"]
[Result "1-0"]
[WhiteElo "2248"]
[BlackElo "2173"]
[PlyCount "91"]
[EventDate "2008.04.05"]
[SourceDate "2007.10.24"]

1. d4 Nf6 2. Nf3 g6 3. Nc3 Bg7 4. e4 d6 5. Be3 c6 6. Qd2 Qa5 7. h3 b5 8. Bd3
O-O 9. O-O b4 10. Ne2 c5 11. a3 Qc7 12. dxc5 dxc5 13. e5 Nfd7 14. axb4 cxb4 15.
Bf4 Qb7 16. Qe3 e6 17. Be4 Nc6 18. Ned4 Ndb8 19. c3 Bd7 20. cxb4 Qxb4 21. Rfc1
Rc8 22. Ra3 a5 23. Rb3 Qf8 24. Nb5 Ra6 25. Nd6 Rd8 26. Nb7 Rc8 27. Nc5 Ra7 28.
Rbc3 Be8 29. Nb3 Ra6 30. Qe2 Ra7 31. Be3 Rb7 32. Bc5 Re7 33. Bxe7 Qxe7 34. Nxa5
Bh6 35. Nxc6 Nxc6 36. Rxc6 Bxc6 37. Rxc6 Rb8 38. Qc2 Qd7 39. h4 Kg7 40. Ng5
Bxg5 41. hxg5 Qd4 42. Rc4 Qd8 43. Qc1 Rb5 44. Qf4 Qb8 45. Qf6+ Kg8 46. Rd4 1-0

[Event "JEEN-Henin Beaumont"]
[Site "Lille"]
[Date "2008.04.05"]
[Round "10.3"]
[White "Regoli, Stephane"]
[Black "Friess, Nicolas"]
[Result "0-1"]
[WhiteElo "2224"]
[BlackElo "2205"]
[PlyCount "73"]
[EventDate "2008.04.05"]
[SourceDate "2007.10.24"]

1. e4 e6 2. d3 d5 3. Nd2 Nf6 4. Ngf3 b6 5. g3 dxe4 6. dxe4 Bc5 7. Bd3 Nc6 8.
Nb3 Bd6 9. Qe2 e5 10. c3 O-O 11. Ng5 a5 12. h4 Nb8 13. a4 Qe8 14. Bb5 Qe7 15.
f3 Bb7 16. g4 Na6 17. Kf2 Nd7 18. Kg3 h6 19. Nh3 Nac5 20. Nxc5 Nxc5 21. Bc4 Ne6
22. h5 Kh7 23. Be3 Bc5 24. Bc1 Rad8 25. Nf2 Nf4 26. Bxf4 exf4+ 27. Kh3 f5 28.
gxf5 Be3 29. Rad1 Qg5 30. Ng4 Qxh5+ 31. Kg2 Qg5 32. f6 Rxd1 33. Qxd1 Bxe4 34.
Qd7 Rxf6 35. Qd5 Rf8 36. Qe6 Bf5 37. Qd5 {suite illisible} 0-1

[Event "JEEN-Henin Beaumont"]
[Site "Lille"]
[Date "2008.04.05"]
[Round "10.4"]
[White "Deschin, Pierre Antoine"]
[Black "Yordanov, Nikolay"]
[Result "1-0"]
[WhiteElo "2055"]
[BlackElo "2187"]
[PlyCount "125"]
[EventDate "2008.04.05"]
[SourceDate "2007.10.24"]

1. Nf3 d5 2. c4 e6 3. g3 Nf6 4. Bg2 Be7 5. O-O O-O 6. d4 b6 7. Qc2 Bb7 8. Nbd2
Nbd7 9. b3 Rc8 10. Bb2 c5 11. dxc5 Nxc5 12. Rfd1 Rc7 13. Rac1 Qa8 14. Be5 Rcc8
15. Qb2 Rfd8 16. Ne1 Ne8 17. b4 Na6 18. b5 Nc5 19. cxd5 Bxd5 20. Qb1 Bf6 21.
Ndf3 Ne4 22. Qb2 N8d6 23. Bxf6 Nxf6 24. Ne5 Rxc1 25. Rxc1 Bxg2 26. Nxg2 Rf8 27.
Nf4 Nde4 28. Nc6 a5 29. Rd1 Nc5 30. Nd3 Nfd7 31. Nxc5 Nxc5 32. Qe5 a4 33. Qc7
h6 34. Qxb6 Ne4 35. Qd4 Nf6 36. a3 Nd5 37. Rc1 Kh8 38. e4 Nf6 39. Rc4 Qb7 40.
Qc5 Ra8 41. Ne5 Nxe4 42. Qc6 Qxc6 43. bxc6 Nd6 44. Rd4 Nb5 45. Rb4 Nc7 46.
Nxf7+ Kg8 47. Ne5 Kf8 48. Rb7 Nd5 49. Kf1 Rc8 50. Ke2 Ne7 51. c7 Nd5 52. Rb8
Ne7 53. Kd2 g5 54. Kc3 Kg7 55. Rxc8 Nxc8 56. Kd4 Kf6 57. Ng4+ Kg6 58. Ke5 h5
59. Ne3 Kf7 60. Nd1 Ke7 61. Nc3 Na7 62. Nxa4 Nc6+ 63. Ke4 1-0

[Event "JEEN-Henin Beaumont"]
[Site "Lille"]
[Date "2008.04.05"]
[Round "10.5"]
[White "Maillot, Fabien"]
[Black "Rouze, Xavier"]
[Result "0-1"]
[WhiteElo "2039"]
[BlackElo "2033"]
[PlyCount "148"]
[EventDate "2008.04.05"]
[SourceDate "2007.10.24"]

1. Nf3 d5 2. c4 c6 3. b3 Nf6 4. g3 Bf5 5. Bg2 e6 6. O-O Nbd7 7. Bb2 Qb6 8. cxd5
exd5 9. d3 Bc5 10. e3 O-O 11. Nc3 Qa6 12. d4 Bd6 13. Rc1 Rfe8 14. Nd2 Bg4 15.
Qc2 Bh5 16. Na4 Bg6 17. Qc3 Rac8 18. Rfd1 b5 19. Nc5 Nxc5 20. dxc5 Be5 21. Qxe5
Rxe5 22. Bxe5 Bh5 23. f3 Nd7 24. Bd4 Nf8 25. g4 Bg6 26. f4 f6 27. f5 Bf7 28.
Bf1 Qa5 29. Nf3 Nd7 30. Rc2 Re8 31. Rg2 h6 32. Rdd2 Qb4 33. Rc2 Ne5 34. Rg3
Nxf3+ 35. Rxf3 Re4 36. h3 Be8 37. Rff2 Bd7 38. Bg2 Qe1+ 39. Kh2 Re8 40. Rce2
Qb4 41. Bf3 Bc8 42. Rg2 Qa5 43. Ref2 Qe1 44. Re2 Qb4 45. Rg1 a5 46. h4 a4 47.
bxa4 bxa4 48. g5 hxg5 49. hxg5 Bxf5 50. gxf6 g6 51. Rb2 Qa3 52. Rg3 Kf7 53. Kg1
Kf8 54. Be2 Re4 55. Kf2 Rxd4 56. Rb8+ Kf7 57. exd4 Qxa2 58. Rb6 Qd2 59. Rxc6
Qf4+ 60. Rf3 Qh4+ 61. Kg1 Qxd4+ 62. Kf1 Qa1+ 63. Kf2 a3 64. Rxf5 Qd4+ 65. Kg2
Qe4+ 66. Rf3 Qxe2+ 67. Kg3 Qe5+ 68. Kg2 a2 69. Rb6 Qe2+ 70. Kg3 Qxf3+ 71. Kxf3
a1=Q 72. Kf4 Qd4+ 73. Kg5 Qe3+ 74. Kg4 Qxc5 0-1

[Event "JEEN-Henin Beaumont"]
[Site "Lille"]
[Date "2008.04.05"]
[Round "10.6"]
[White "Masztalir, Matthieu"]
[Black "Logel, Matthieu"]
[Result "1-0"]
[WhiteElo "1995"]
[BlackElo "2009"]
[PlyCount "143"]
[EventDate "2008.04.05"]
[SourceDate "2007.10.24"]

1. e4 c5 2. Nf3 d6 3. d4 cxd4 4. Nxd4 Nf6 5. Nc3 g6 6. Be2 Bg7 7. O-O O-O 8.
Be3 Nc6 9. Kh1 d5 10. Nxc6 bxc6 11. e5 Nd7 12. f4 Rb8 13. Rb1 Qa5 14. Qd4 Qb6
15. b4 f6 16. Qd3 Qc7 17. e6 Nb6 18. f5 gxf5 19. Bf4 Qb7 20. Bxb8 Qxb8 21. Qxf5
Qe5 22. Bd3 Qxf5 23. Bxf5 Nc4 24. Rbe1 Bh6 25. Rf3 Nd6 26. Re2 Rd8 27. Bd3 d4
28. Na4 Be3 29. Nc5 Ne8 30. Rg3+ Ng7 31. Bc4 f5 32. Nd3 f4 33. Rg4 h5 34. Rh4
Bxe6 35. Bxe6+ Nxe6 36. Rxh5 Ng7 37. Ra5 Rd6 38. Rxa7 Nf5 39. Ra8+ Kg7 40. Nf2
Rh6 41. Kg1 Rg6 42. Kf1 Nh4 43. Ne4 f3 44. g3 fxe2+ 45. Kxe2 Nf5 46. Kf3 Bg1
47. Kg2 Re6 48. Ng5 Re1 49. Nf3 Ne3+ 50. Kh1 Rc1 51. Nxg1 Rxc2 52. Rd8 Nd5 53.
b5 e6 54. b6 d3 55. b7 Rb2 56. b8=Q Rxb8 57. Rxb8 d2 58. Rb1 Nc3 59. Ra1 d1=Q
60. Rxd1 Nxd1 61. a4 c5 62. Kg2 Nc3 63. a5 Kf6 64. Kf3 Ke5 65. h4 c4 66. a6 Nb5
67. h5 Kf5 68. Ne2 e5 69. g4+ Kg5 70. Nc3 Nxc3 71. a7 e4+ 72. Kg2 1-0

[Event "JEEN-Henin Beaumont"]
[Site "Lille"]
[Date "2008.04.05"]
[Round "10.7"]
[White "Lagaude, Stephane"]
[Black "Broutin, Philippe"]
[Result "0-1"]
[WhiteElo "1990"]
[BlackElo "2064"]
[PlyCount "64"]
[EventDate "2008.04.05"]
[SourceDate "2007.10.24"]

1. e4 d5 2. exd5 Qxd5 3. Nc3 Qa5 4. d4 Nf6 5. Nf3 Nc6 6. Bb5 Nd5 7. O-O Nxc3 8.
Bxc6+ bxc6 9. bxc3 Bg4 10. h3 Bh5 11. Qd3 Bg6 12. Qc4 Qb5 13. Ne5 Qxc4 14. Nxc4
Bxc2 15. Ne5 e6 16. Nxc6 Bd6 17. f4 f6 18. Re1 Kd7 19. Nb4 Bg6 20. Be3 a5 21.
d5 axb4 22. dxe6+ Ke7 23. cxb4 Bxb4 24. Rec1 Bd6 25. g4 Be4 26. f5 h5 27. Bc5
hxg4 28. Bxd6+ Kxd6 29. Rd1+ Bd5 30. hxg4 Rh1+ 31. Kf2 Rxd1 32. Rxd1 Rxa2+ 0-1

[Event "JEEN-Henin Beaumont"]
[Site "Lille"]
[Date "2008.04.05"]
[Round "10.8"]
[White "Belafkih, Kimia"]
[Black "Gatine, Aurelia"]
[Result "0-1"]
[WhiteElo "1430"]
[BlackElo "2011"]
[PlyCount "96"]
[EventDate "2008.04.05"]
[SourceDate "2007.10.24"]

1. e4 c5 2. Nf3 Nc6 3. d4 cxd4 4. Nxd4 g6 5. Nc3 Bg7 6. Nf3 d6 7. Bc4 Nf6 8.
O-O O-O 9. Re1 Qa5 10. h3 Qh5 11. Nd2 Bg4 12. Be2 Bxe2 13. Qxe2 Qxe2 14. Rxe2
Nd4 15. Kf1 Nxe2 16. Kxe2 Rfc8 17. Nf3 b5 18. a3 a5 19. Kd3 b4 20. Ne2 d5 21.
e5 Ne4 22. Be3 e6 23. Ng3 bxa3 24. Rxa3 Nxg3 25. fxg3 Rc4 26. Ra1 Rb4 27. b3 a4
28. Bd2 Re4 29. Ra2 a3 30. Ng5 Rxe5 31. Nf3 Re4 32. Ng5 Rd4+ 33. Ke2 Rxd2+ 34.
Kxd2 Bh6 35. h4 f6 36. Kc3 fxg5 37. hxg5 Bxg5 38. Kd3 Bc1 39. Ke2 Bb2 40. Kd2
e5 41. Ke3 e4 42. g4 Rc8 43. Kd2 d4 44. Ke2 Rxc2+ 45. Kf1 e3 46. g3 d3 47. Ke1
Bc3+ 48. Kf1 Rxa2 0-1

[Event "Le Touquet-Le Vesinet"]
[Site "Lille"]
[Date "2008.04.05"]
[Round "10.1"]
[White "Maitesian, Sergei"]
[Black "Deslandes, Pascal"]
[Result "0-1"]
[WhiteElo "2290"]
[BlackElo "2294"]
[PlyCount "128"]
[EventDate "2008.04.05"]
[SourceDate "2007.10.24"]

1. e4 e6 2. d3 d5 3. Nd2 c5 4. Ngf3 Nc6 5. g3 Nf6 6. Bg2 Be7 7. O-O Qc7 8. Re1
b6 9. e5 Nd7 10. Qe2 Bb7 11. c3 g5 12. h3 h5 13. g4 hxg4 14. hxg4 Nf8 15. Nf1
Ng6 16. d4 cxd4 17. cxd4 Rg8 18. Be3 Nf4 19. Qb5 O-O-O 20. Rac1 Kb8 21. Bxf4
gxf4 22. N1h2 Qd7 23. Bf1 f5 24. exf6 Bxf6 25. Qd3 Rg7 26. Qd2 Qd6 27. Bb5 Rdg8
28. Bxc6 Bxc6 29. Rxc6 Rxg4+ 30. Nxg4 Rxg4+ 31. Kf1 Qxc6 32. Qe2 Rg7 33. Qxe6
Qc4+ 34. Qe2 Rc7 35. Qxc4 Rxc4 36. Ne5 Bxe5 37. dxe5 Kc7 38. e6 Re4 39. e7 Kd7
40. e8=Q+ Kxe8 41. Rd1 Re5 42. Kg2 Re2 43. Rxd5 Rxb2 44. a4 a5 45. Re5+ Kd7 46.
Kf3 Rb4 47. Re4 Rxe4 48. Kxe4 f3 49. Kxf3 b5 50. Ke4 b4 51. Kd3 Ke6 52. Ke4 Kf6
53. Kd4 Kf5 54. Ke3 Ke5 55. Kd3 Kf4 56. Ke2 Ke4 57. Kd2 Kd4 58. Kc2 Kc4 59. Kd2
Kb3 60. f4 Kc4 61. Ke3 Kc3 62. f5 b3 63. f6 b2 64. f7 b1=Q 0-1

[Event "Le Touquet-Le Vesinet"]
[Site "Lille"]
[Date "2008.04.05"]
[Round "10.2"]
[White "Large, Laurent"]
[Black "Therkildsen, Thomas"]
[Result "0-1"]
[WhiteElo "2271"]
[BlackElo "2329"]
[PlyCount "80"]
[EventDate "2008.04.05"]
[SourceDate "2007.10.24"]

1. d4 Nf6 2. Bg5 Ne4 3. h4 c5 4. d5 Qb6 5. Nd2 Nxd2 6. Bxd2 Qxb2 7. e4 g6 8.
Rb1 Qe5 9. Bd3 Bg7 10. f4 Qc7 11. c4 e6 12. h5 exd5 13. cxd5 d6 14. Qa4+ Nd7
15. Nf3 a6 16. Qc2 b5 17. Bc3 Rg8 18. hxg6 hxg6 19. Bxg7 Rxg7 20. Rh8+ Nf8 21.
Qc3 Rh7 22. Rxh7 Nxh7 23. e5 Bb7 24. Be4 O-O-O 25. Rc1 Qe7 26. Kf1 Kb8 27. Qa5
Qc7 28. Qd2 dxe5 29. Nxe5 Ng5 30. fxg5 Qxe5 31. Bf3 Bxd5 32. Qa5 Rd6 33. Re1
Bc4+ 34. Kg1 Qd4+ 35. Kh1 Qh4+ 36. Kg1 Be6 37. Rb1 Qd4+ 38. Kh2 b4 39. Qa4 Rd8
40. Qc6 Rh8+ 0-1

[Event "Le Touquet-Le Vesinet"]
[Site "Lille"]
[Date "2008.04.05"]
[Round "10.3"]
[White "Flament, Frederic"]
[Black "Glod, Philippe"]
[Result "1/2-1/2"]
[WhiteElo "2148"]
[BlackElo "2183"]
[PlyCount "59"]
[EventDate "2008.04.05"]
[SourceDate "2007.10.24"]

1. d4 Nf6 2. Nf3 g6 3. Bf4 Bg7 4. e3 d6 5. Be2 Nbd7 6. O-O Nh5 7. Bg5 h6 8. Bh4
c5 9. Nc3 g5 10. Bg3 Nxg3 11. hxg3 O-O 12. Qd2 Nf6 13. Rad1 Bg4 14. Rfe1 a6 15.
a4 Bh5 16. Bf1 cxd4 17. exd4 e6 18. Nb1 Qc7 19. Na3 Bg6 20. Bd3 Bxd3 21. Qxd3
d5 22. c3 Ne4 23. Nb1 Rac8 24. Nbd2 Nxd2 25. Qxd2 Qa5 26. Ra1 Rc4 27. Qc2 Rfc8
28. Qb3 Qc7 29. a5 Qe7 30. Re2 1/2-1/2

[Event "Le Touquet-Le Vesinet"]
[Site "Lille"]
[Date "2008.04.05"]
[Round "10.4"]
[White "Castaignet, Laurent"]
[Black "Kieffer, Christian"]
[Result "1-0"]
[WhiteElo "2161"]
[BlackElo "2149"]
[PlyCount "129"]
[EventDate "2008.04.05"]
[SourceDate "2007.10.24"]

1. e4 c5 2. Nf3 Nc6 3. c3 Nf6 4. Bd3 d5 5. e5 c4 6. Bc2 Ng4 7. Ba4 Qc7 8. d4
cxd3 9. Qxd3 e6 10. Qd4 h5 11. h3 Nh6 12. O-O Nf5 13. Qf4 Be7 14. Bc2 g5 15.
Nxg5 Qxe5 16. Qxe5 Nxe5 17. Re1 f6 18. Bxf5 exf5 19. Nf3 Nxf3+ 20. gxf3 Rg8+
21. Kh2 Kf7 22. Bf4 Bc5 23. Be3 Bd6+ 24. f4 Bd7 25. Nd2 d4 26. cxd4 Bc6 27. Rg1
Bd5 28. a3 a5 29. Rae1 Rac8 30. Nb1 Rxg1 31. Kxg1 Rg8+ 32. Kf1 Rg2 33. Nc3 Bf3
34. Ne2 Rh2 35. Ng1 Bg2+ 36. Ke2 Bxh3 37. Kf3 Rh1 38. Kg3 h4+ 39. Kf3 Bg4+ 40.
Kg2 Rxg1+ 41. Rxg1 Ke6 42. f3 Bh5 43. Rh1 a4 44. Rxh4 Be8 45. Rh8 Bc6 46. Ra8
b5 47. Ra6 Bd5 48. Bd2 Kd7 49. Kf2 Bc6 50. Ra7+ Ke6 51. Ke3 Bb8 52. Ra6 Kd5 53.
Bb4 Bd6 54. Bxd6 Kxd6 55. Ra7 Bd5 56. Rh7 Ba2 57. Rh6 Ke6 58. Rh8 Bb3 59. Rb8
Bc4 60. Rb6+ Ke7 61. Kd2 Kf7 62. Kc3 Be2 63. Kb4 Ke7 64. Kc5 Bxf3 65. d5 1-0

[Event "Le Touquet-Le Vesinet"]
[Site "Lille"]
[Date "2008.04.05"]
[Round "10.6"]
[White "Saglier, Paul"]
[Black "Miotti, David"]
[Result "1-0"]
[WhiteElo "1910"]
[BlackElo "1480"]
[PlyCount "119"]
[EventDate "2008.04.05"]
[SourceDate "2007.10.24"]

1. Nf3 Nf6 2. d4 e6 3. c4 c5 4. g3 d5 5. cxd5 Nxd5 6. Bg2 Nd7 7. O-O Be7 8. e4
Nb4 9. a3 Na6 10. Nc3 O-O 11. Be3 Nc7 12. Qc2 cxd4 13. Nxd4 Bf6 14. Rfd1 Qe7
15. Ndb5 Nb6 16. Nxa7 Nc4 17. Nxc8 Rfxc8 18. e5 Bxe5 19. Bxb7 Nd5 20. Bxa8
Ncxe3 21. Nxd5 Rxc2 22. Nxe7+ Kf8 23. fxe3 Kxe7 24. a4 Rxb2 25. Rab1 Ra2 26.
Bc6 f5 27. Bb5 Kf6 28. Re1 Bd6 29. Re2 Ra3 30. e4 g5 31. Rbe1 Bc5+ 32. Kh1 f4
33. e5+ Kf5 34. gxf4 gxf4 35. Rf1 Be3 36. Kg2 Kxe5 37. Rfe1 Ke4 38. Bc6+ Kf5
39. Rxe3 fxe3 40. Kf3 e2+ 41. Kf2 Rh3 42. Kg2 Re3 43. Bb5 e5 44. Rxe2 Ra3 45.
Kf2 Kf4 46. Rb2 e4 47. Ke2 h5 48. Rc2 Ra1 49. Kd2 Kf3 50. Kc3 e3 51. Bc6+ Kf4
52. Kb4 Rb1+ 53. Kc5 Rd1 54. Bb5 Rd2 55. Rxd2 exd2 56. Be2 h4 57. a5 Ke3 58.
Bd1 Kf2 59. a6 Ke1 60. Bh5 1-0

[Event "Le Touquet-Le Vesinet"]
[Site "Lille"]
[Date "2008.04.05"]
[Round "10.7"]
[White "Galaczy, Marie"]
[Black "Millet, Maud"]
[Result "0-1"]
[WhiteElo "1430"]
[BlackElo "1910"]
[PlyCount "90"]
[EventDate "2008.04.05"]
[SourceDate "2007.10.24"]

1. e4 d6 2. d4 Nf6 3. Bd3 e5 4. Ne2 Nbd7 5. c4 a5 6. Nbc3 Be7 7. O-O c6 8. h3
O-O 9. Be3 Nh5 10. f4 Nhf6 11. f5 exd4 12. Nxd4 Ne5 13. Be2 Nfd7 14. Nf3 Nxf3+
15. Rxf3 Ne5 16. Rf1 b6 17. Qd4 Rb8 18. Bf4 Bf6 19. Qd2 Qe7 20. Rad1 Rd8 21. g4
h6 22. Rf2 Bg5 23. Bxg5 hxg5 24. Rdf1 f6 25. Rh2 Bb7 26. Qe3 Ba6 27. b3 Nf7 28.
h4 Qe5 29. hxg5 Nxg5 30. Na4 Qxe4 31. Qxe4 Nxe4 32. Bf3 d5 33. Re1 Ng5 34. Bg2
dxc4 35. Bxc6 cxb3 36. axb3 Rd6 37. Bg2 Rd3 38. Bf1 Nf3+ 39. Kf2 Nxe1 40. Bxd3
Nxd3+ 41. Ke3 Nc5 42. Nxc5 bxc5 43. Kf4 Rb4+ 44. Kg3 Rxb3+ 45. Kh4 a4 0-1

[Event "Lille-Arcueil"]
[Site "Lille"]
[Date "2008.04.05"]
[Round "10.1"]
[White "Cappon, John"]
[Black "Mircescu, Ovidiu"]
[Result "1/2-1/2"]
[WhiteElo "2222"]
[BlackElo "2162"]
[PlyCount "81"]
[EventDate "2008.04.05"]
[SourceDate "2007.10.24"]

1. e4 e5 2. Nf3 Nf6 3. Nxe5 d6 4. Nf3 Nxe4 5. Nc3 Nxc3 6. dxc3 Be7 7. Bf4 Nc6
8. Qd2 Bg4 9. Be2 Qd7 10. O-O-O O-O-O 11. h3 Bh5 12. Rhe1 a6 13. Qd5 Bg6 14.
Nd4 Nxd4 15. Qxd4 Kb8 16. Bg4 f5 17. Bf3 Bf6 18. Qd5 Qb5 19. Qxb5 axb5 20. Rd5
c6 21. Rxd6 Rxd6 22. Bxd6+ Kc8 23. Bf4 Bf7 24. a3 Re8 25. Rxe8+ Bxe8 26. Be3
Kd7 27. Kd2 h5 28. Be2 Bf7 29. Bd3 Be6 30. Ke2 Be7 31. Bc1 Kd6 32. b3 g6 33. c4
bxc4 34. Bxc4 Bxc4+ 35. bxc4 Bf6 36. Kd3 Bh4 37. Be3 Bf6 38. f3 Bd8 39. Bd4 Ba5
40. Bg7 Ke6 41. Bd4 1/2-1/2

[Event "Lille-Arcueil"]
[Site "Lille"]
[Date "2008.04.05"]
[Round "10.2"]
[White "Daubas, Christophe"]
[Black "Bouhallel, Rabah"]
[Result "0-1"]
[WhiteElo "2033"]
[BlackElo "2287"]
[PlyCount "54"]
[EventDate "2008.04.05"]
[SourceDate "2007.10.24"]

1. d4 e6 2. c4 c5 3. d5 exd5 4. cxd5 d6 5. e4 Ne7 6. Nc3 Ng6 7. h3 Be7 8. Nf3
O-O 9. Be2 Re8 10. O-O Bf6 11. Qc2 a6 12. a4 Nd7 13. Be3 Rb8 14. Nd2 Bd4 15.
Bxd4 cxd4 16. Na2 Nf4 17. Nf3 Nc5 18. Nxd4 Qg5 19. Bg4 Bxg4 20. hxg4 Rxe4 21.
Rad1 Rbe8 22. Nc3 R4e5 23. f3 h5 24. Nf5 hxg4 25. fxg4 Qxg4 26. Rxf4 Qxf4 27.
Nxd6 Re1+ 0-1